| 000 | 00779nam a2200241 a 4500 | ||
|---|---|---|---|
| 001 | BRL_1687 | ||
| 003 | FranzMayer | ||
| 005 | 20230918122928.0 | ||
| 008 | 280414s2009----mx-a######---#000-0#spa-# | ||
| 040 | _cmfm | ||
| 041 | _aspa | ||
| 044 | _amx | ||
| 050 | 4 |
_aF1219.3 _b.R49 2009 |
|
| 100 | 1 |
_aReynoso, Louisa _927632 |
|
| 245 | 1 | 0 |
_aLa cerámica indígena en México _cLouisa Reynoso ; revisión y actualización Marco Buenrostro. |
| 260 |
_aMéxico _bFONART Fondo Nacional para el Fomento de las Artesanías _c2009 |
||
| 300 |
_a39 p. _bil. _c21 cm. |
||
| 440 | 0 |
_aArtesanías tradicionales. Apuntes monográficos _927490 |
|
| 500 | _aUn ejemplar en Anexo 1 | ||
| 650 | 1 | 4 |
_aCerámica indígena _zMéxico _923735 |
| 700 | 1 |
_aBuenrostro, Marco _911025 |
|
| 942 |
_2lcc _cB |
||
| 999 |
_c10495 _d10495 |
||